Harmonizing Accountancy after the Accession of the Slovak Republic into the European Union
Gespeichert in:
| 1. Verfasser: | |
|---|---|
| Weitere Verfasser: | , |
| Format: | Buchkapitel |
| Sprache: | Englisch |
| Tags: |
Keine Tags, Fügen Sie das erste Tag hinzu!
|
MARC
| LEADER | 00000naa$a2200000$$$4500 | ||
|---|---|---|---|
| 001 | 0062126 | ||
| 005 | 20240502083149.1 | ||
| 041 | 0 | |a eng | |
| 044 | |a YU | ||
| 245 | 1 | 0 | |a Harmonizing Accountancy after the Accession of the Slovak Republic into the European Union |c Katarína Máziková, Martina Mateášová, Ildikó Sztredová |
| 100 | 1 | |a Máziková, Katarína | |
| 700 | 1 | |a Mateášová, Martina, 1979- | |
| 700 | 1 | |a Sztredová, Ildikó | |